Normal view
MARC view
- ترجمة وتحرير قزانجي، فؤاد؛ تقديم زمراجعة الحسني، عبدالرزاق
Entry Personal Name
001 - CONTROL NUMBER
- control field: 38491
003 - CONTROL NUMBER IDENTIFIER
- control field: JO-AjAnu
005 - DATE AND TIME OF LATEST TRANSACTION
- control field: 20230606080417.0
008 - FIXED-LENGTH DATA ELEMENTS
- fixed length control field: 230606|| aca||aabn | a|a d
040 ## - CATALOGING SOURCE
- Original cataloging agency: JO-AjAnu
- Transcribing agency: JO-AjAnu
100 ## - HEADING--PERSONAL NAME
- Personal name: ترجمة وتحرير قزانجي، فؤاد؛ تقديم زمراجعة الحسني، عبدالرزاق
670 ## - SOURCE DATA FOUND
- Source citation: Work cat.: (JO-AjAnu)19744: ترجمة وتحرير قزانجي، فؤاد؛ تقديم زمراجعة الحسني، عبدالرزاق, author, العراق في الوثائق البريطانية 1905-1930